000 00423nam a2200169Ia 4500
008 230524s9999 xx 000 0 und d
020 _a9788184884029
082 _a658.8343
_bNAI
100 _aSuja R Nair
245 0 _aConsumer Behaviour And Marketing Research
250 _aIST
260 _aNEW DELHI
_bHimalaya
_c2008
300 _aXVI;344
500 _aQuantity Number: 15
650 _aManagement
942 _cBK
999 _c43099
_d43099